00346nam a2200133 a 4500008004100000050001600041100001800057245004500075260002700120300002300147350000900170650002000179650001300199120416s1974 ||||||||||||||||| || u aHC 59.7 Cai aCaiden, Naomi10aPlanning and budgeting in poor countries aNew YorkbWilleyc1974 axviii, 371p. : ill a0.00 aBUDGET PLANNING aPLANNING